| 000 -ლიდერი |
| ფიქსირებული სიგრძის საკონტროლო ველი |
01674nam a22002657a 4500 |
| 003 - საკონტროლო ნომრის იდენტიფიკატორი |
| საკონტროლო ველი |
Ge_BSU |
| 005 - ბოლო ოპერაციის თარიღი და დრო |
| საკონტროლო ველი |
20230922113103.0 |
| 008 - ფიქსირებული სიგრძის მონაცემთა ელემენტები - ზოგადი ინფორმაცია |
| ფიქსირებული სიგრძის საკონტროლო ველი |
230922s2023 ge ||||| |||| 00| 0 geo d |
| 020 ## - წიგნის საერთაშორისო სტანდარტული ნომერი |
| International Standard Book Number |
9789941343513 |
| 041 ## - ენის კოდი |
| Language code of text/sound track or separate title |
geo |
| 080 ## - უნივერსალური ათობითი კლასიფიკაციის ინდექსი |
| Universal Decimal Classification number |
811.353.1'282 ფ-32 |
| 100 ## - მთავარი ჩანაწერი - პიროვნების სახელი |
| Personal name |
ფაღავა, მამია |
| 9 (RLIN) |
19887 |
| 245 ## - ცნობა სათაურის შესახებ |
| Title |
ქართული ენის კლარჯული დიალექტი : |
| Remainder of title |
(გამოკვლევა, მასალები, ლექსიკონი) / |
| Statement of responsibility, etc |
მამია ფაღავა, მერი ცინცაძე, მაია ბარამიძე; რედ. მამია ფაღავა; ბსუ. ჰუმანიტარულ მეცნიერებათა ფაკულტეტი. ქართველოლოგიის ცენტრი. |
| 250 ## - გამოცემის ცნობა |
| Edition statement |
პირველი გამოცემა |
| 264 ## - წარმოების, გამოცემის, დისტრიბუციის და სხვა ცნობები |
| გამოცემის, წარმოების, დისტრიბუციის... ადგილი |
თბილისი : |
| გამოცემის, წარმოების, დისტრიბუციის... სახელწოდება |
მერიდიანი, |
| გამოცემის, წარმოების, დისტრიბუციის... თარიღი |
2023. |
| 300 ## - ფიზიკური აღწერა |
| Extent |
566 გვ. ; |
| Other physical details |
24 სმ. |
| 500 ## - ზოგადი შენიშვნა |
| General note |
პარალ. სათაური. ინგლ. ენ. |
| 653 ## - INDEX TERM--UNCONTROLLED |
| Uncontrolled term |
კლარჯული დიალექტი |
| 653 ## - INDEX TERM--UNCONTROLLED |
| Uncontrolled term |
ქართული ენა |
| 700 ## - ADDED ENTRY--PERSONAL NAME |
| Personal name |
ცინცაძე, მერი |
| Relator term |
ავტორი |
| 9 (RLIN) |
1857 |
| 700 ## - ADDED ENTRY--PERSONAL NAME |
| Personal name |
ბარამიძე, მაია |
| Relator term |
ავტორი |
| 9 (RLIN) |
3189 |
| 700 ## - ADDED ENTRY--PERSONAL NAME |
| Personal name |
ფაღავა, მამია |
| Relator term |
რედაქტორი |
| 9 (RLIN) |
19887 |
| 710 ## - ADDED ENTRY--CORPORATE NAME |
| Corporate name or jurisdiction name as entry element |
ბსუ. ჰუმანიტარულ მეცნიერებათა ფაკულტეტი. |
| Subordinate unit |
ქართველოლოგიის ცენტრი. |
| 9 (RLIN) |
19888 |
| 942 ## - ADDED ENTRY ELEMENTS (KOHA) |
| Source of classification or shelving scheme |
|
| Koha item type |
წიგნი |